| 000 | 00364nam a2200145Ia 4500 | ||
|---|---|---|---|
| 008 | 230917s9999||||xx |||||||||||||| ||und|| | ||
| 040 |
_e160141 _aMAIN |
||
| 041 | _aEnglish | ||
| 082 | _a642.5 B146T | ||
| 100 | _aBagchi, S N | ||
| 245 | 0 | _aTextbook of food and beverage service | |
| 250 | _a3rd ed. | ||
| 260 |
_aDelhi _bAnmol Publications _c2006 |
||
| 942 | _cBK | ||
| 999 |
_c146268 _d146268 |
||